ბათუმის შოთა რუსთაველის სახელმწიფო უნივერსიტეტის ბიბლიოთეკა

სისხლის სამართლის კერძო ნაწილი (ბიბ.ჩანაწერი № 49401)

000 -LEADER
fixed length control field 01265nam a2200265Ia 4500
001 - CONTROL NUMBER
control field 16321
003 - CONTROL NUMBER IDENTIFIER
control field GE_BSU
008 - FIXED-LENGTH DATA ELEMENTS--GENERAL INFORMATION
fixed length control field 181216s||||||||xx |||||||||||||| ||und||
040 ## - CATALOGING SOURCE
Transcribing agency GE_BSU
080 ## - UNIVERSAL DECIMAL CLASSIFICATION NUMBER
Universal Decimal Classification number 343(479.22)(075.8)
100 ## - MAIN ENTRY--PERSONAL NAME
Personal name ავტ.: მზია ლეკვეიშვილი, გოჩა მამულაშვილი
245 ## - TITLE STATEMENT
Title სისხლის სამართლის კერძო ნაწილი
245 ## - TITLE STATEMENT
Remainder of title წ. 2 :სახელმძღვ.
245 ## - TITLE STATEMENT
Statement of responsibility, etc. რედ:გ.მამულაშვილი
250 ## - EDITION STATEMENT
Edition statement მე-4გამოცემა
260 ## - PUBLICATION, DISTRIBUTION, ETC.
Place of publication, distribution, etc. თბილისი
260 ## - PUBLICATION, DISTRIBUTION, ETC.
Name of publisher, distributor, etc. მერიდიანი
260 ## - PUBLICATION, DISTRIBUTION, ETC.
Date of publication, distribution, etc. 2012
300 ## - PHYSICAL DESCRIPTION
Extent 484გვ;20სმ.
520 ## - SUMMARY, ETC.
Summary, etc. სახელმძღ.იბეწდება თსუ იურიდიული ფაკ-ის სისხლის სამართლის მიმართულების რეკომენდაციით.
653 ## - INDEX TERM--UNCONTROLLED
Uncontrolled term სამართალი
653 ## - INDEX TERM--UNCONTROLLED
Uncontrolled term სისხლის სამართალი - სახელმძღვანელოები უმაღლესი სასწავლებლისათვის;
942 ## - ADDED ENTRY ELEMENTS (KOHA)
Koha item type წიგნი
ეგზემპლარები
Withdrawn status Lost status Damaged status Not for loan Date acquired Barcode Date last seen Price effective from Koha item type
        2018-12-17 40658 2018-12-17 2018-12-17 წიგნი
        2018-12-17 40657 2018-12-17 2018-12-17 წიგნი